Normal view
MARC view
Entry Personal Name
001 - CONTROL NUMBER
- control field: 49969
003 - CONTROL NUMBER IDENTIFIER
- control field: OSt
005 - DATE AND TIME OF LATEST TRANSACTION
- control field: 20160402123115.0
008 - FIXED-LENGTH DATA ELEMENTS
- fixed length control field: 160402|| aca||aabn | a|a d
040 ## - CATALOGING SOURCE
- Original cataloging agency: OSt
- Transcribing agency: OSt
100 ## - HEADING--PERSONAL NAME
- Personal name: डॉ ममता गुप्ता
670 ## - SOURCE DATA FOUND
- Source citation: Work cat.: (OSt)48359: डॉ ममता गुप्ता , धर्मगाथा और जातीय संघर्ष, 2011









